000 01039cam a22003011 4500
001 4635
003 BD-RjUL
005 20211208233928.0
008 720628s1963 nju b 001 0 eng
035 _a(BD-RjUL)4670
035 _a(OCoLC)344495
040 _aDLC
_cOClU
_dOCoLC
_dOrPS
_dUk
_dDLC
_beng
041 _aeng
082 _a338.973
_216
_bSCN 1963
100 1 _aSchoeck, Helmut,
_914623
245 1 4 _aThe new argument in economics:
_bthe public versus the private sector /
_cpapers, edited by Helmut Schoeck and James W. Wiggins.
260 _aPrinceton, N.J. :
_bVan Nostrand,
_c1963
300 _axii, 264 p.
_c24 cm.
504 _aIncludes bibliographical references.
526 _bEconomics
650 0 _aIndustrial policy
_zUnited States.
_96147
651 0 _aUnited States
_xEconomic policy
_914625
700 1 _aWiggins, James W.
_q(James Wilhelm),
_d1914-
_ejt. ed.
_914626
942 _2ddc
_cBK
999 _c4635
_d4635